Computer science: a structured programming approach using C (Record no. 824666)

MARC details
000 -LEADER
fixed length control field 00709nam a2200229Ia 4500
008 - FIXED-LENGTH DATA ELEMENTS--GENERAL INFORMATION
fixed length control field 101110s9999 xx 000 0 und d
041 ## - LANGUAGE CODE
Language code of text/sound track or separate title ENGLISH
082 ## - DEWEY DECIMAL CLASSIFICATION NUMBER
Item number SR32164
100 ## - MAIN ENTRY--PERSONAL NAME
Personal name Forouzan Behrouz A. & Gilberg Richard F.
245 ## - TITLE STATEMENT
Title Computer science: a structured programming approach using C
260 ## - PUBLICATION, DISTRIBUTION, ETC. (IMPRINT)
Date of publication, distribution, etc 2009
Name of publisher, distributor, etc Cenagage learning India,New Delhi
300 ## - PHYSICAL DESCRIPTION
Extent 725
365 ## - TRADE PRICE
Price amount 399
520 ## - SUMMARY, ETC.
Summary, etc Computer
520 ## - SUMMARY, ETC.
Summary, etc Tranfered to IT Dept., DT.30/7/09
546 ## - LANGUAGE NOTE
Language note ENGLISH
630 ## - SUBJECT ADDED ENTRY--UNIFORM TITLE
Uniform title Computer science: a structured programming approach using C
650 ## - SUBJECT ADDED ENTRY--TOPICAL TERM
Topical term or geographic name as entry element Computer
655 ## - INDEX TERM--GENRE/FORM
Genre/form data or focus term Computer
730 ## - ADDED ENTRY--UNIFORM TITLE
Uniform title Computer science: a structured programming approach using C
942 ## - ADDED ENTRY ELEMENTS (KOHA)
Koha item type Book
Holdings
Withdrawn status Lost status Damaged status Not for loan Home library Current library Shelving location Date acquired Source of acquisition Cost, normal purchase price Shelving control number Total Checkouts Barcode Date last seen Price effective from Koha item type
        D. B. J. College, Chiplun D. B. J. College, Chiplun     Yogesh prakashan,Pune,bill no.4835,dt.23/7/2009 399.00     DBJSR32164 11/11/2010 11/11/2010 Book